000 00503nam a2200193Ia 4500
003 GCL
008 140319s9999 xx 000 0 eng d
040 _aGCL /
_cGCL
082 0 4 _a792.028
_bS M
100 1 _aSABATINE, JEAN
245 1 0 _aMOVEMENT TRAINING FOR THE STAGE AND SCREEN /
_cSABATINE, JEAN
260 _a[S.N] :
_bA AND C BLACK LIMITED ،
_c1995
300 _a239 P
650 0 4 _aARTS
650 0 4 _aACTING
650 0 4 _aACTING IN PERSON
650 0 4 _aACTING IN STYLE
942 _2ddc
_cBK
999 _c15850
_d15850